000 00501nam a22001577a 4500
003 macl
005 20191105125452.0
008 191105b xxu||||| |||| 00| 0 eng d
040 _cmacl
082 _a920/RAH
100 _aरहमान , शेख मुजीबुर
_977020
245 _aदास्‍ताॅ और भी हैं
260 _aदिल्‍ली
_bराजकमल प्रकाशन
_c2017
650 _aआत्‍मकथा
_962132
942 _2ddc
_cHIN
999 _c61251
_d61251